| 000 | 00843nam a22001817a 4500 | ||
|---|---|---|---|
| 999 |
_c63878 _d63878 |
||
| 003 | Ge_BSU | ||
| 005 | 20260211123452.0 | ||
| 008 | 260211s1976 ge ||||| |||| 00| 0 geo d | ||
| 041 | _ageo | ||
| 080 | _a911.3:33(479.22)(075.3) კ-26 | ||
| 100 |
_aკარბელაშვილი, ლ. _925883 |
||
| 245 |
_aსაქართველოს სსრ ეკონომიკური გეოგრაფია : _bVIII კლასის სახელმძღვ / _c ლ. კარბელაშვილი. |
||
| 250 | _aმე-10 გამოც. | ||
| 264 |
_aთბ. : _bგანათლება, _c1976. |
||
| 300 |
_a92 გვ. : _bილ. და რუკა ; _c21 სმ. |
||
| 653 | _aსაქართველოს ეკონომიური გეოგრაფია | ||
| 942 |
_2udc _cᲬᲘᲒᲜᲘ |
||